000 00831nam a2200217Ia 4500
999 _c40221
_d40221
001 6828
003 GE_BSU
005 20200124173337.0
008 181216s1957||||ge |||||||||||||| ||geo||
040 _cGE_BSU
041 _ageo
080 _a821.353.1-32 გ-62
100 _aგოთუა, ლევან.
_92050
245 _aკრწანისის სევდა :
_bმოთხრობები /
_cლევან გოთუა ; რედ. გრ. ჩიქოვანი.
264 _aთბილისი :
_bსაბჭ.მწერალი,
_c1957.
300 _a231 გვ. ;
_c21 სმ.
653 _aკრწანისის სევდა
653 _aმოთხრობები
700 _aჩიქოვანი, გრ.
_eრედაქტორი
_93717
942 _cBK
_2udc